[Event "USCL Philadelphia vs New York"]
[Site "Internet Chess Club"]
[Date "2008.10.13"]
[Round "8"]
[White "Herman, Matt"]
[Black "Bengtson, Matthew"]
[Result "1-0"]
[WhiteElo "2271"]
[BlackElo "2242"]
[PlyCount "45"]
[EventDate "2008.??.??"]

1. e4 c6 2. d4 d5 3. e5 c5 4. dxc5 e6 5. a3 Nc6 6. Nf3 Bxc5 7. b4 Bb6 8. Bb2
Nge7 9. Bd3 Ng6 10. g3 Bd7 11. h4 f6 12. Bxg6+ hxg6 13. Qd3 Kf7 14. Nbd2 Bc7
15. O-O-O Ne7 16. g4 a6 17. exf6 gxf6 18. g5 f5 19. Qc3 Rh7 20. h5 d4 21. Qxd4
Nc6 22. hxg6+ Kxg6 23. Rh6+ 1-0

[Event "USCL Philadelphia vs New York"]
[Site "Internet Chess Club"]
[Date "2008.10.13"]
[Round "8"]
[White "Costigan, Richard"]
[Black "Bonin, Jay"]
[Result "1/2-1/2"]
[WhiteElo "2288"]
[BlackElo "2370"]
[PlyCount "69"]
[EventDate "2008.??.??"]

1. d4 c5 2. c3 Qa5 3. Nd2 cxd4 4. cxd4 Nc6 5. Ngf3 d5 6. e3 Bg4 7. Qb3 O-O-O 8.
Bb5 Bxf3 9. Bxc6 bxc6 10. gxf3 Qa6 11. Qc3 e6 12. b4 Rd7 13. a4 Rc7 14. Qb2 Rb7
15. b5 cxb5 16. axb5 Qxb5 17. Qxb5 Rxb5 18. Rxa7 Nh6 19. Ke2 Kb8 20. Ra2 Kb7
21. Bb2 Bd6 22. Rha1 Rb8 23. Ra7+ Kc8 24. Ba3 Bxa3 25. R1xa3 Kd8 26. e4 Ke8 27.
Rc7 g6 28. Raa7 Kf8 29. h3 Rb4 30. Kd3 Kg7 31. Rd7 R8b5 32. Rac7 Ra4 33. Ra7
Rxa7 34. Rxa7 Ng8 35. Rc7 1/2-1/2

[Event "USCL Miami vs Dallas"]
[Site "Internet Chess Club"]
[Date "2008.10.13"]
[Round "8"]
[White "Vazirova, Karina"]
[Black "Prilleltensky, Matan"]
[Result "1/2-1/2"]
[WhiteElo "2108"]
[BlackElo "2116"]
[PlyCount "57"]
[EventDate "2008.??.??"]

1. e4 e5 2. Bc4 Nf6 3. d3 c6 4. Nf3 d5 5. Bb3 a5 6. a3 Bd6 7. Nc3 dxe4 8. Ng5
O-O 9. Ngxe4 Nxe4 10. Nxe4 Bf5 11. Qf3 Bxe4 12. dxe4 Nd7 13. c3 a4 14. Bc2 Nc5
15. O-O Qe7 16. Rd1 Rfd8 17. Be3 b5 18. Rd2 Ne6 19. g3 Bc5 20. Rad1 Rxd2 21.
Rxd2 Rd8 22. Bxc5 Nxc5 23. Qd1 Rxd2 24. Qxd2 g6 25. c4 Ne6 26. cxb5 Nd4 27. Kg2
cxb5 28. Qc3 Qd6 29. Bd3 1/2-1/2

[Event "USCL New Jersey vs Carolina"]
[Site "Internet Chess Club"]
[Date "2008.10.13"]
[Round "8"]
[White "Ju, Evan"]
[Black "Simpson, Ron"]
[Result "0-1"]
[WhiteElo "2292"]
[BlackElo "2346"]
[PlyCount "66"]
[EventDate "2008.??.??"]

1. e4 e5 2. Nf3 Nc6 3. Bb5 a6 4. Ba4 Bc5 5. O-O b5 6. Bb3 Nf6 7. d3 h6 8. c3
O-O 9. Be3 d6 10. h3 Bb7 11. Nbd2 Re8 12. Re1 Bxe3 13. fxe3 Ne7 14. Rf1 Ng6 15.
Nh2 d5 16. Ng4 Nh7 17. exd5 Bxd5 18. Ne4 Rf8 19. Rf5 Bxb3 20. axb3 Nh4 21. Rh5
f5 22. Nc5 fxg4 23. Ne6 Qf6 24. Nxf8 Rxf8 25. Qxg4 Qf2+ 26. Kh2 Nf3+ 27. Kh1
Nfg5 28. Rxa6 Nf6 29. Rxf6 Rxf6 30. h4 Qe1+ 31. Kh2 Rf1 32. Qc8+ Kh7 33. Rxh6+
gxh6 0-1

[Event "USCL New Jersey vs Carolina"]
[Site "Internet Chess Club"]
[Date "2008.10.13"]
[Round "8"]
[White "Zaikov, Oleg"]
[Black "Molner, Mackenzie"]
[Result "1-0"]
[WhiteElo "2376"]
[BlackElo "2397"]
[PlyCount "73"]
[EventDate "2008.??.??"]

1. d4 Nf6 2. c4 c5 3. d5 b5 4. cxb5 a6 5. bxa6 g6 6. Nc3 Bxa6 7. Nf3 d6 8. g3
Bg7 9. Bg2 Nbd7 10. Rb1 Qa5 11. Bd2 O-O 12. b3 Qc7 13. O-O Nb6 14. Ne1 Bb7 15.
Bc1 Rfd8 16. a4 e6 17. dxe6 fxe6 18. Bxb7 Qxb7 19. Bd2 Qc6 20. Qc2 d5 21. Nd3
Nbd7 22. Rfe1 Rf8 23. Bf4 Nh5 24. e4 Nxf4 25. gxf4 c4 26. Nb4 cxb3 27. Rxb3 Qc4
28. exd5 Nc5 29. Rbb1 Qxc3 30. dxe6 Rxa4 31. e7 Re8 32. Qd1 Qc4 33. Nd5 Ne4 34.
Nb6 Qd4 35. Nxa4 Qxf2+ 36. Kh1 Qxf4 37. Qd5+ 1-0

[Event "USCL New Jersey vs Carolina"]
[Site "Internet Chess Club"]
[Date "2008.10.13"]
[Round "8"]
[White "Jones, Craig"]
[Black "Shen, Victor"]
[Result "1/2-1/2"]
[WhiteElo "2320"]
[BlackElo "2265"]
[PlyCount "83"]
[EventDate "2008.??.??"]

1. Nf3 Nf6 2. c4 e6 3. Nc3 Bb4 4. Qc2 O-O 5. a3 Bxc3 6. Qxc3 b6 7. g3 Bb7 8.
Bg2 d6 9. O-O e5 10. b4 Nbd7 11. Bb2 a5 12. d3 Re8 13. e4 Nf8 14. Nh4 axb4 15.
axb4 Rxa1 16. Bxa1 Bc8 17. f4 Ng6 18. fxe5 dxe5 19. Nf5 Be6 20. b5 Qd7 21. Ne3
c6 22. Rb1 Rc8 23. bxc6 Qxc6 24. Qb4 Nd7 25. Nd5 Rb8 26. h4 Qc5+ 27. Qxc5 bxc5
28. Rxb8+ Nxb8 29. h5 Nh8 30. Bxe5 Nd7 31. Bb2 h6 32. Kh2 f6 33. Bh3 Bxh3 34.
Kxh3 Nf7 35. Ne7+ Kf8 36. Ng6+ Ke8 37. Kg4 Ng5 38. e5 fxe5 39. Bxe5 Ne6 40. Kf5
Kf7 41. g4 Ng5 42. Bc3 1/2-1/2

[Event "USCL Miami vs Dallas"]
[Site "Internet Chess Club"]
[Date "2008.10.13"]
[Round "8"]
[White "Perea, Osmany"]
[Black "Bartholomew, John"]
[Result "1-0"]
[WhiteElo "2453"]
[BlackElo "2488"]
[PlyCount "85"]
[EventDate "2008.??.??"]

1. d4 Nf6 2. c4 c5 3. d5 b5 4. cxb5 a6 5. bxa6 g6 6. Nc3 Bxa6 7. Nf3 d6 8. g3
Bg7 9. Bg2 Nbd7 10. Rb1 Nb6 11. b3 Bb7 12. Nh4 O-O 13. O-O Ra6 14. Bb2 Qa8 15.
e4 Nfd7 16. Nf3 Ne5 17. Ne1 c4 18. f4 Ned7 19. Nc2 Rc8 20. b4 Bxc3 21. Bxc3
Rxa2 22. Qd4 f6 23. Ra1 Rxc2 24. Rxa8 Rxa8 25. Ra1 Rxa1+ 26. Bxa1 Rc1+ 27. Kf2
Rc2+ 28. Kf3 h5 29. Bh3 Bc8 30. Bxd7 Nxd7 31. Qa7 Ne5+ 32. fxe5 Bg4+ 33. Kf4
g5+ 34. Ke3 fxe5 35. Bxe5 dxe5 36. Qb8+ Kf7 37. Qxe5 c3 38. b5 Rc1 39. Qc7 Re1+
40. Kd4 Bf3 41. Qxc3 Rxe4+ 42. Kc5 Bg4 43. b6 1-0

[Event "USCL Miami vs Dallas"]
[Site "Internet Chess Club"]
[Date "2008.10.13"]
[Round "8"]
[White "Boskovic, Drasko"]
[Black "Lopez, Bruci"]
[Result "0-1"]
[WhiteElo "2504"]
[BlackElo "2486"]
[PlyCount "96"]
[EventDate "2008.??.??"]

1. e4 e5 2. Nf3 Nc6 3. Bc4 Bc5 4. c3 Bb6 5. d4 Qe7 6. O-O Nf6 7. Re1 d6 8. h3
O-O 9. d5 Nb8 10. Nbd2 Nh5 11. Nf1 Qf6 12. Be3 Bxe3 13. Rxe3 Nf4 14. N3d2 Qh6
15. Nh2 g6 16. Bf1 f5 17. c4 Nd7 18. b4 Kh8 19. Qc2 Nf6 20. exf5 gxf5 21. Kh1
Bd7 22. Rae1 Rg8 23. Ndf3 Rg7 24. Ng1 Nxg2 25. Bxg2 f4 26. Rc3 Rag8 27. Bf3 Qg5
28. Ng4 e4 29. Bxe4 Nxg4 30. hxg4 Bxg4 31. Nh3 Qh4 32. Kh2 Qh5 33. Rg1 f3 34.
Rg3 Bxh3 35. Bxf3 Qe5 36. Bg2 Bf5 37. Qd2 Rxg3 38. Rxg3 Rxg3 39. fxg3 Bg6 40.
Qf2 Kg7 41. Qxa7 Qh5+ 42. Bh3 Qe2+ 43. Bg2 Qh5+ 44. Kg1 Qd1+ 45. Bf1 Qd2 46.
Qa3 Be4 47. Qa7 Kg6 48. a3 b6 0-1

[Event "USCL Baltimore vs Boston"]
[Site "Internet Chess Club"]
[Date "2008.10.15"]
[Round "8"]
[White "Erenburg, Sergey"]
[Black "Sammour-Hasbun, Jorge"]
[Result "1-0"]
[WhiteElo "2592"]
[BlackElo "2576"]
[PlyCount "61"]
[EventDate "2008.??.??"]

1. e4 c5 2. Nf3 d6 3. d4 cxd4 4. Nxd4 Nf6 5. Nc3 a6 6. Be3 e6 7. Be2 Nc6 8. Qd2
Be7 9. O-O-O O-O 10. f4 Qc7 11. g4 b5 12. g5 Nd7 13. a3 Bb7 14. f5 Nxd4 15.
Bxd4 exf5 16. exf5 f6 17. Rhe1 Ne5 18. g6 hxg6 19. fxg6 Nxg6 20. Rg1 Ne5 21.
Qh6 Rf7 22. Rd3 Bf8 23. Rh3 Re7 24. Qxf6 Qd7 25. Qh6 Qf5 26. Qh8+ Kf7 27. Rf1
Qxf1+ 28. Bxf1 Ng6 29. Qh5 Re1+ 30. Kd2 Rxf1 31. Rg3 1-0

[Event "USCL Baltimore vs Boston"]
[Site "Internet Chess Club"]
[Date "2008.10.15"]
[Round "8"]
[White "Shmelov, Denys"]
[Black "Kaufman, Larry"]
[Result "1-0"]
[WhiteElo "2446"]
[BlackElo "2424"]
[PlyCount "51"]
[EventDate "2008.??.??"]

1. d4 Nf6 2. c4 e6 3. Nc3 Bb4 4. f3 d5 5. a3 Be7 6. e4 dxe4 7. fxe4 e5 8. d5
Bc5 9. Nf3 Bg4 10. Bd3 O-O 11. h3 Bxf3 12. Qxf3 c6 13. Bg5 Nbd7 14. O-O-O Rb8
15. Bc2 Qc7 16. Qg3 Rfc8 17. Rhf1 Ne8 18. b4 Bf8 19. c5 Nxc5 20. d6 Bxd6 21.
bxc5 Bxc5 22. Bb3 Qa5 23. Rxf7 Kh8 24. Bh6 Bxa3+ 25. Kc2 g6 26. Rdd7 1-0

[Event "USCL Baltimore vs Boston"]
[Site "Internet Chess Club"]
[Date "2008.10.15"]
[Round "8"]
[White "Krasik, Ilya"]
[Black "Zimmer, Ralph"]
[Result "1-0"]
[WhiteElo "2144"]
[BlackElo "2328"]
[PlyCount "71"]
[EventDate "2008.??.??"]

1. d4 d5 2. c4 Nc6 3. cxd5 Qxd5 4. e3 e5 5. Nc3 Bb4 6. Bd2 Bxc3 7. bxc3 Qd6 8.
Bd3 Nf6 9. f3 O-O 10. Ne2 Re8 11. O-O e4 12. fxe4 Nxe4 13. Qc2 Nxd2 14. Qxd2
Bg4 15. e4 Rad8 16. Nf4 Qh6 17. Rae1 Ne7 18. Qf2 c6 19. Bc4 Rf8 20. Re3 b5 21.
Bb3 a5 22. a3 Bc8 23. Rf3 Bg4 24. Rg3 Bc8 25. h4 Kh8 26. Rg5 Qd6 27. Nh5 Ng6
28. e5 Qe7 29. Bc2 Be6 30. Ng3 Bc4 31. Nf5 Qxa3 32. Re1 Qxc3 33. Rg3 Qb4 34.
Rb1 f6 35. Rxb4 axb4 36. h5 1-0

[Event "USCL San Francisco vs Tennessee"]
[Site "Internet Chess Club"]
[Date "2008.10.15"]
[Round "8"]
[White "Shankland, Sam"]
[Black "Bick, John"]
[Result "1-0"]
[WhiteElo "2364"]
[BlackElo "2249"]
[PlyCount "73"]
[EventDate "2008.??.??"]

1. e4 e6 2. d4 d5 3. Nc3 Nf6 4. e5 Nfd7 5. Nce2 c5 6. c3 Nc6 7. f4 cxd4 8. cxd4
Bb4+ 9. Nc3 Qb6 10. Nf3 a5 11. a3 Bxc3+ 12. bxc3 a4 13. Bd3 Qc7 14. O-O Nb6 15.
Ng5 Na5 16. Qh5 Nb3 17. Bb5+ Kf8 18. Rb1 h6 19. Rf3 g6 20. Qh4 Kg7 21. Nh3 Qd8
22. Qg3 Nc4 23. Bxc4 dxc4 24. Nf2 b5 25. Ng4 Bb7 26. Re3 Qe7 27. Qe1 h5 28. Nf6
h4 29. Rh3 Rad8 30. Rxh4 Qc7 31. f5 Nxc1 32. Ne8+ Rhxe8 33. f6+ Kg8 34. Rh8+
Kxh8 35. Qh4+ Kg8 36. Qh6 Ne2+ 37. Kf2 1-0

[Event "USCL Chicago vs Queens"]
[Site "Internet Chess Club"]
[Date "2008.10.15"]
[Round "8"]
[White "Felecan, Florin"]
[Black "Stripunsky, Alex"]
[Result "0-1"]
[WhiteElo "2449"]
[BlackElo "2601"]
[PlyCount "92"]
[EventDate "2008.??.??"]

1. e4 c5 2. Nf3 e6 3. d4 cxd4 4. Nxd4 a6 5. Bd3 Qc7 6. O-O Nf6 7. Qe2 d6 8. Nc3
g6 9. a4 Bg7 10. a5 O-O 11. Be3 e5 12. Nb3 Be6 13. f3 Nbd7 14. Rfd1 d5 15. exd5
Nxd5 16. Nxd5 Bxd5 17. c4 Bc6 18. c5 e4 19. Bxe4 Bxe4 20. fxe4 Rae8 21. Qc2 Nf6
22. Bd4 Nxe4 23. Bxg7 Kxg7 24. Rd4 f5 25. Rad1 Rf7 26. R4d3 Rfe7 27. Qc4 h5 28.
Rd6 Kh7 29. Qd4 Qc8 30. Rd8 Rxd8 31. Qxd8 Qe6 32. Qd5 Qf6 33. Nd4 Qg5 34. Nc2
h4 35. Re1 h3 36. g3 Qf6 37. b4 Qc3 38. Qd1 Kh6 39. Qc1+ Kh7 40. Re3 Qc4 41.
Qd1 Qf7 42. Rd3 Ng5 43. Qd2 Qf6 44. Kf1 Qc6 45. Rd5 Nf3 46. Qd3 Nxh2+ 0-1

[Event "USCL Chicago vs Queens"]
[Site "Internet Chess Club"]
[Date "2008.10.15"]
[Round "8"]
[White "Thaler, Michael"]
[Black "Young, Angelo"]
[Result "1/2-1/2"]
[WhiteElo "2210"]
[BlackElo "2356"]
[PlyCount "97"]
[EventDate "2008.??.??"]

1. e4 c5 2. Nf3 g6 3. d4 cxd4 4. Qxd4 Nf6 5. e5 Nc6 6. Qa4 Nd5 7. Qb3 Nc7 8.
Ng5 Ne6 9. Nxe6 dxe6 10. f4 Bh6 11. Bb5 Bd7 12. O-O O-O 13. Bxc6 Bxc6 14. Qh3
Qd4+ 15. Kh1 Qc4 16. Nd2 Qe2 17. Kg1 Bg7 18. Rf2 Qd1+ 19. Nf1 Rad8 20. b3 Qd4
21. Rb1 Qb4 22. Be3 Rd7 23. Nd2 Rfd8 24. Nf3 Rd1+ 25. Rxd1 Rxd1+ 26. Rf1 Rd7
27. a4 a6 28. Rc1 Qc3 29. Kf2 h6 30. Ke2 b5 31. axb5 axb5 32. Qg3 Be4 33. Qe1
Qb2 34. Kf2 Rc7 35. Nd4 f6 36. Nxe6 Rxc2+ 37. Rxc2 Qxc2+ 38. Qd2 Qxd2+ 39. Bxd2
Bh8 40. Nd4 fxe5 41. Nxb5 exf4 42. Bxf4 g5 43. Be3 Be5 44. g3 Kf7 45. Bd4 Bb8
46. Ba7 Be5 47. Bd4 Bb8 48. Ba7 Be5 49. Bd4 1/2-1/2

[Event "USCL Chicago vs Queens"]
[Site "Internet Chess Club"]
[Date "2008.10.15"]
[Round "8"]
[White "Pasalic, Mehmed"]
[Black "Zhao, Parker"]
[Result "1/2-1/2"]
[WhiteElo "2375"]
[BlackElo "2236"]
[PlyCount "114"]
[EventDate "2008.??.??"]

1. c4 e5 2. Nc3 Bb4 3. g3 Bxc3 4. bxc3 Nc6 5. Bg2 Nge7 6. d3 d6 7. Nf3 O-O 8.
O-O h6 9. Ne1 Be6 10. Nc2 Qd7 11. Ne3 Bh3 12. Rb1 Bxg2 13. Kxg2 b6 14. Nd5 f5
15. Qa4 Rf7 16. f3 Raf8 17. Bd2 e4 18. Rbe1 Ng6 19. f4 Na5 20. Qxd7 Rxd7 21.
Ne3 Ne7 22. h3 d5 23. cxd5 Nxd5 24. Nd1 Nf6 25. Nb2 c5 26. c4 Nc6 27. Bc3 Nd4
28. Kf2 Re8 29. Bxd4 Rxd4 30. Rd1 Rd7 31. Rg1 h5 32. a4 Kf7 33. Ra1 g6 34. Rgd1
Re6 35. a5 exd3 36. Rxd3 Ne4+ 37. Kg2 Red6 38. axb6 axb6 39. Ra8 Nd2 40. Rb8
Rxd3 41. exd3 Rd6 42. Rb7+ Kf8 43. Kf2 Nb3 44. Ke2 Nd4+ 45. Kd2 Re6 46. Na4
Re2+ 47. Kd1 Re3 48. Kd2 Re2+ 49. Kc1 Re1+ 50. Kb2 Re2+ 51. Kb1 Re1+ 52. Ka2
Re2+ 53. Nb2 Re6 54. Na4 Re2+ 55. Nb2 Re6 56. Na4 Re2+ 57. Nb2 Re6 1/2-1/2

[Event "USCL San Francisco vs Tennessee"]
[Site "Internet Chess Club"]
[Date "2008.10.15"]
[Round "8"]
[White "Wolff, Patrick"]
[Black "Ehlvest, Jaan"]
[Result "0-1"]
[WhiteElo "2623"]
[BlackElo "2668"]
[PlyCount "98"]
[EventDate "2008.??.??"]

1. e4 e6 2. d3 c5 3. Nd2 Nc6 4. g3 d6 5. Bg2 g6 6. f4 Bg7 7. Ne2 Nge7 8. O-O
O-O 9. g4 f5 10. Ng3 fxg4 11. Qxg4 Nd4 12. Qd1 e5 13. fxe5 dxe5 14. Rxf8+ Qxf8
15. Nc4 Nec6 16. Ne3 Ne6 17. Nd5 Nf4 18. Be3 Nh3+ 19. Bxh3 Bxh3 20. c3 b6 21.
Rc1 Qd6 22. a3 Be6 23. b4 cxb4 24. axb4 Bxd5 25. exd5 Qxd5 26. Ne4 Rd8 27. Nf2
e4 28. d4 b5 29. Qg4 a5 30. bxa5 Nxa5 31. Re1 Re8 32. Bd2 Nc4 33. Rxe4 Rf8 34.
Be1 Rf5 35. Re8+ Kf7 36. Qe4 Qxe4 37. Rxe4 Bh6 38. Ng4 Bf4 39. Kg2 h5 40. Nf2
Ne3+ 41. Kf3 Nd5 42. Kg2 Bh6 43. Nd1 Bc1 44. Bg3 g5 45. Re2 h4 46. Be5 Bf4 47.
Kh3 Kg6 48. Rb2 Bxe5 49. Rxb5 Bxd4 0-1

[Event "USCL Seattle vs Arizona"]
[Site "Internet Chess Club"]
[Date "2008.10.15"]
[Round "8"]
[White "Ginsburg, Mark"]
[Black "Mikhailuk, Slava"]
[Result "0-1"]
[WhiteElo "2410"]
[BlackElo "2437"]
[PlyCount "54"]
[EventDate "2008.??.??"]

1. d4 Nf6 2. Nf3 g6 3. c4 Bg7 4. Nc3 d5 5. cxd5 Nxd5 6. e4 Nxc3 7. bxc3 c5 8.
Rb1 O-O 9. Be2 cxd4 10. cxd4 Qa5+ 11. Bd2 Qxa2 12. O-O a5 13. Qc1 Qe6 14. Bc4
Qxe4 15. Bxf7+ Rxf7 16. Qxc8+ Rf8 17. Qc4+ e6 18. Ng5 Qd5 19. Qd3 Rf5 20. Rfc1
Nd7 21. Rc7 Bxd4 22. Qh3 Bxf2+ 23. Kh1 h5 24. Qc3 Bd4 25. Qc4 Raf8 26. h4 Qxc4
27. Rxc4 Rf1+ 0-1

[Event "USCL San Francisco vs Tennessee"]
[Site "Internet Chess Club"]
[Date "2008.10.15"]
[Round "8"]
[White "Al-Shamma, Jim"]
[Black "Young, Gregory"]
[Result "0-1"]
[WhiteElo "2127"]
[BlackElo "2232"]
[PlyCount "106"]
[EventDate "2008.??.??"]

1. d4 f5 2. c4 Nf6 3. Nc3 d6 4. Bg5 Nbd7 5. Qc2 g6 6. e4 fxe4 7. Nxe4 Bg7 8.
Nxf6+ Nxf6 9. Bd3 O-O 10. Nf3 c5 11. d5 Bd7 12. O-O Ng4 13. Rfe1 Rxf3 14. gxf3
Ne5 15. Be4 Qf8 16. Re3 Bh6 17. f4 Bxg5 18. fxg5 Qf4 19. Rg3 Rf8 20. Rf1 Kg7
21. Qe2 Qh4 22. f3 Bh3 23. Rf2 Rf4 24. b3 Nf7 25. Bc2 Kf8 26. Qe3 Nxg5 27. b4
b6 28. bxc5 bxc5 29. Be4 Bd7 30. Rb2 Nxe4 31. fxe4 Rxe4 32. Qc3 Rd4 33. Rf2+
Bf5 34. Qb3 Qe4 35. Rf1 Kf7 36. Re3 Qg4+ 37. Rg3 Qe2 38. Qf3 Qxc4 39. Re1 Qxa2
40. Qc3 Qd2 41. Qa1 a5 42. Rg2 Qb4 43. Qc1 Rg4 44. Ree2 Qd4+ 45. Qe3 Rxg2+ 46.
Kxg2 Qxd5+ 47. Kg1 Qd4 48. Qxd4 cxd4 49. Ra2 e5 50. Rxa5 Ke6 51. Kf2 e4 52. h4
Bg4 53. Rb5 e3+ 0-1

[Event "USCL Seattle vs Arizona"]
[Site "Internet Chess Club"]
[Date "2008.10.15"]
[Round "8"]
[White "Harper, Warren"]
[Black "Lee, Michael"]
[Result "1-0"]
[WhiteElo "2351"]
[BlackElo "2314"]
[PlyCount "64"]
[EventDate "2008.??.??"]

1. e4 c5 2. Nc3 Nc6 3. Bb5 g6 4. Bxc6 dxc6 5. f4 Bg7 6. Nf3 Nf6 7. O-O Qc7 8.
d3 Be6 9. Qe1 h6 10. Kh1 O-O-O 11. Be3 b6 12. Ne2 Ng4 13. Bc1 Bd7 14. h3 Nf6
15. Be3 Ne8 16. c3 Nd6 17. b3 Qb7 18. Bg1 Kb8 19. a4 Qa6 20. Rd1 Be6 21. c4 Ka8
22. a5 Rb8 23. e5 Nb7 24. axb6 Qxb6 25. Qc3 Nd8 26. Ra1 Bf5 27. Ra3 Rb7 28.
Rfa1 Rb8 29. b4 Ne6 30. g4 Rb7 31. gxf5 gxf5 32. bxc5 Qb2 1-0